How to act like a CEO : 10 rules for getting to the top and staying there

Bibliographic Details
Main Author: Benton, D. A
Format: Book
Published: New Delhi : Tata McGraw-Hill Pub. Com. Ltd , 2001
Subjects:

MARC

LEADER 00000cam a2200000 7i4500
001 0000037879
005 20131022.0
008 131021
020 |a 0070582742 
090 0 0 |a 658.45   |b BEN 
100 1 |a Benton, D. A 
245 1 0 |a How to act like a CEO :   |b 10 rules for getting to the top and staying there   |c D. A. Benton 
260 |a New Delhi :   |b Tata McGraw-Hill Pub. Com. Ltd ,   |c 2001 
650 0 |a Communivation management 
650 0 |a Executive 
650 0 |a Exercutive ability 
999 |a 0001243950   |b Book   |c Adult Collection   |e Perbadanan Perpustakaan Awam Johor